| 000 | 00880nam a2200301Ia 4500 | ||
|---|---|---|---|
| 003 | OSt | ||
| 005 | 20220912145351.0 | ||
| 006 | a|||||r|||| 00| 0 | ||
| 007 | ta | ||
| 008 | 220909b |||||||| |||| 00| 0 eng d | ||
| 020 | _a8125910042 (pbk) | ||
| 024 | _a78460 | ||
| 037 | _b851, 06/10/2006, Vibha Books International | ||
| 037 | _cTextual | ||
| 040 |
_aCSL _beng _cCSL |
||
| 041 | _aeng | ||
| 082 | _aX:8:(S:44), P2 TX | ||
| 100 | _aDwivedi D N Au. | ||
| 245 | 0 | _aManagerial economics | |
| 250 | _a6 | ||
| 260 |
_aNew Delhi _bVikas Publiishing House Pvt Ltd _c2002 |
||
| 300 |
_axxiv, 650p. _ccm. |
||
| 500 | _aAppendix p639.; Index 641-650p. | ||
| 650 | _a Managerial economics | ||
| 650 | _aEconomics | ||
| 942 |
_hX:8:(S:44), P2 TX _cTEXL _2CC |
||
| 999 |
_c30025 _d30025 |
||